Mật ngữ 12 chòm sao

Tổng hợp và tóm lược các bài phân tích về tính cách, vận mệnh, sở thích của con người theo 12 cung hoàng đạo

Αποθηκεύτηκε σε:
Λεπτομέρειες βιβλιογραφικής εγγραφής
Μορφή: Βιβλίο
Γλώσσα:Undetermined
Έκδοση: Hà Nội Thế giới 2014
Θέματα:
Ετικέτες: Προσθήκη ετικέτας
Δεν υπάρχουν, Καταχωρήστε ετικέτα πρώτοι!
Thư viện lưu trữ: Trung tâm Học liệu Trường Đại học Cần Thơ
LEADER 00688nam a2200193Ia 4500
001 CTU_196514
008 210402s9999 xx 000 0 und d
020 |c 80000 
082 |a 133.52 
082 |b M124 
245 0 |a Mật ngữ 12 chòm sao 
245 0 |c Asbooks 
260 |a Hà Nội 
260 |b Thế giới 
260 |c 2014 
520 |a Tổng hợp và tóm lược các bài phân tích về tính cách, vận mệnh, sở thích của con người theo 12 cung hoàng đạo 
650 |a Astrology,Zodiac,Chiêm tinh học,Cung hoàng đạo 
904 |i Tuyến 
980 |a Trung tâm Học liệu Trường Đại học Cần Thơ